00809nam a22002291 450000100060000000300080000600500170001400800390003103500190007004000320008904100080012108200240012924501370015325000120029026000520030230000280035450000790038250400200046165000340048165000350051570000290055021020BD-RjUL20211209000635.0140303s19691962nyu 001 p eng a(BD-RjUL)21082 aDLCcDLCdDLCdBD-RjULbeng aeng00a821.91082bCHI 196910aChief modern poets of England & America /cselected and edited by Gerald De Witt Sanders, John Herbert Nelson [and] M. L. Rosenthal. a4th ed. aNew York :bMacmillan,cc1962 [Reprinted 1969]. aVarious pages ;c22 cm. a1970 ed. published under title: Chief modern poets of Britain and America. aIncludes index. 0aEnglish poetryy20th century. 0aAmerican poetryy20th century.1 aSanders, Gerald De Witt,